000 00377pab a2200157 454500
008 180718b1995 xxu||||| |||| 00| 0 eng d
100 _aSahay, K.B.
245 _aFamily planning
_bacute gender in equity.
260 _c1995
300 _ap.10
362 _a4 Dec
650 _aPopulation - India
650 _aBirth Control - India
773 _aStatesman
909 _a30485
999 _c30485
_d30485